| 000 -LEADER | |
|---|---|
| fixed length control field | 00351nam a22001217a 4500 |
| 020 ## - INTERNATIONAL STANDARD BOOK NUMBER | |
| ISBN | 0870947133 |
| 050 ## - LIBRARY OF CONGRESS CALL NUMBER | |
| Classification number | HG 3881 ell |
| 100 ## - MAIN ENTRY--AUTHOR NAME | |
| Personal name | ELLIS, Charles O. |
| 245 ## - TITLE STATEMENT | |
| Title | Investment: how to win the loser's game |
| 260 ## - PUBLICATION, DISTRIBUTION, ETC. (IMPRINT) | |
| Place of publication | Homewood Ilnois |
| Name of publisher | Dow Jones-Irwin |
| Year of publication | 1985 |
| 300 ## - PHYSICAL DESCRIPTION | |
| Number of Pages | xi, 81p., illus, includes bibliographical references and index |
| 942 ## - ADDED ENTRY ELEMENTS (KOHA) | |
| Koha item type | Books |
| Koha item type | Shelving location | Accession Number | Permanent Location | Current Location | Date acquired | Full call number |
|---|---|---|---|---|---|---|
| Books | Lending | 3455 | Chapman Library | Chapman Library | 2017-02-09 | HG 3881 ell |

